Responses for Show #6232 - Tuesday, October 25, 2011

Contestants

[<< previous game]

Jennifer Dockter, a stay-at-home mom from Fremont, California

Gabor Vari, a psychiatrist from Los Angeles, California

Balaji Narain, an attorney originally from Cumming, Georgia (whose 2-day cash winnings total $55,799)

[next game >>]

Jeopardy! Round responses

CAR TALK
LIBROS EN ESPAÑOL
NICE "BUN"s
ACTING THE PART
MILLION DOLLAR
HEADS OR TAILS
    $200 2
Crime and Punishment

Gabor
    $200 1
a bungee cord

Gabor
    $200 14
John Wayne

Jennifer
    $200 11
Sports Illustrated

Gabor
    $200 21
a scorpion

Jennifer
    $400 3
Flowers in the Attic

Gabor
    $400 7
bunch

Gabor
    $400 15
Dudley Moore

Jennifer
    $400 12
BP

Gabor
    $400 22
a hippopotamus

Jennifer
    $600 28
[The end-of-round signal sounds.]

anti-freeze

Jennifer
    $600 4
(Jennifer: What is The Five People You Will Meet in Heaven?)

Five People You Meet in Heaven

GaborJennifer
    $600 8
bunkhouse

Balaji
    $600 16
Nicolas Cage

Jennifer
    $600 13
I.M. Pei

Jennifer
    $600 23
gecko

Gabor
    $800 27
the brake pads

Jennifer
    $1,400 5
(Alex: Before I ask you to make your wager, you have $1,400, a brief explanation to you, Jennifer, you added the word--The Five People You Will Meet in Heaven.)
(Jennifer: Oh.)
(Alex: And that's not part of the title of that book.)
(Jennifer: Okay.)

Eat, Pray, Love

Gabor
    $800 9
Bunyanesque

Gabor
    $800 17
Sissy Spacek

Triple Stumper
    $800 19
(Mark) Zuckerberg

Gabor
    $800 24
(Alex: With less than a minute to go.)

a lemur

Jennifer
    $1000 26
a catalytic converter

Jennifer
    $1000 6
The Mouse and the Motorcycle

Balaji
    $1000 10
bungle

Gabor
    $1000 18
(Maggie) Smith

Gabor
    $1000 20
(Ansel) Adams

Gabor
    $1000 25
proboscis

Gabor

Scores at the first commercial break (after clue 13):

Balaji Gabor Jennifer
$1,600 $5,600 $0

Scores at the end of the Jeopardy! Round:

Balaji Gabor Jennifer
$1,600 $10,000 $5,000

Double Jeopardy! Round responses

WORLD GEOGRAPHY
IF YOU CAN READ THIS...
(Alex: And we'll show some stuff to read.)
BIG BIRTHER
BRUCE ALMIGHTY
PRIME MINISTERS OF GREAT BRITAIN
LITTLE-KNOWN ANCIENT GREEKS
(Alex: And they all have names that end in -"E-S", like Socrates, Euripides, Aristophanes.)
    $400 1
(Gabor: What is ... Tunisia?)

Algiers

GaborJennifer
    $400 2
da Vinci

Gabor
    $400 17
(Gabor: What is April?)

July

BalajiGabor
    $400 12
(Bruce) Willis

Gabor
    $400 27
(Tony) Blair

Gabor
    $400 9
Ceremonies

Gabor
    $800 3
the Philippines

Gabor
    $800 5
Easter Island

Jennifer
    $800 18
eight

Gabor
    $800 15
Bruce Springsteen

Gabor
    $2,000 26
Earl Grey

Gabor
    $800 10
Pyrenees

Balaji
    $1200 4
Sicily

Jennifer
    $1200 6
shorthand

Jennifer
    $1200 19
septuplets

Jennifer
    $1200 13
Bruce Lee

Balaji
    $1200 25
(Alex: Less than a minute to go now.)

Labor

Gabor
    $1200 11
Liberties

Jennifer
    $1600 20
the Caribbean

Gabor
    $3,000 7
Sanskrit

Jennifer
    $1600 21
five

Gabor
    $1600 14
Bruce Jenner

Jennifer
    $1600 23
William Pitt

Jennifer
    $1600 28
[The end-of-round signal sounds.]

Miniseries

Triple Stumper
    $2000 24
Lebanon

Gabor
    $2000 8
Daniel

Gabor
    $2000 22
(Jennifer: What is artificial insemination?)

caesarean section

BalajiJennifer
    $2000 16
Bruce Campbell

Jennifer

Scores at the end of the Double Jeopardy! Round:

Balaji Gabor Jennifer
$6,000 $23,600 $17,200

[wagering suggestions for these scores]

Final Jeopardy! Round responses

CLASSIC GAMES
(Alex: [Revealing Jennifer's response] The quotation is "Go to jail. Go directly to jail. Do not pass Go. Do not collect $[*].")
BalajiWhat is 101?
$6,000
JenniferWhat is 200?
$16,000
GaborWhat is 200?
$10,801
200

Final scores:

Balaji Gabor Jennifer
$0 $34,401 $33,200
3rd place: $1,000 New champion: $34,401 2nd place: $2,000

Game dynamics:

Coryat scores:

Balaji Gabor Jennifer
$6,000 $21,800 $15,800
6 R,
0 W
28 R
(including 2 DDs),
2 W
20 R
(including 1 DD),
2 W

Combined Coryat: $43,600

[game clues] [game scores] [suggest correction]

Game tape date: 2011-09-20
The J! Archive is created by fans, for fans. Scraping, republication, monetization, and malicious use prohibited; this site may use cookies and collect identifying information. See terms. The Jeopardy! game show and all elements thereof, including but not limited to copyright and trademark thereto, are the property of Jeopardy Productions, Inc. and are protected under law. This website is not affiliated with, sponsored by, or operated by Jeopardy Productions, Inc. Join the discussion at JBoard.tv.